Serigrafía artística
محفوظ في:
| المؤلف الرئيسي: | |
|---|---|
| التنسيق: | كتاب |
| اللغة: | الإسبانية |
| منشور في: |
Barcelona
LEDA
1973
|
| الطبعة: | 5a. ed |
| سلاسل: | Cómo se Aprende, 22
|
| الموضوعات: | |
| الوسوم: |
إضافة وسم
لا توجد وسوم, كن أول من يضع وسما على هذه التسجيلة!
|
MARC
| LEADER | 00000nam a2200000 a 4500 | ||
|---|---|---|---|
| 001 | UCG1443 | ||
| 003 | CL-VaPUC | ||
| 008 | 100506e19730000SP |||||||||||||||||spa|d | ||
| 020 | |a 8470950778 | ||
| 082 | 0 | 4 | |a 764.8 |b DES |2 21 |
| 100 | 0 | |a De S'Agaro, J |e author |9 549381 | |
| 245 | 1 | 0 | |a Serigrafía artística |
| 250 | |a 5a. ed | ||
| 300 | |a 60 p | ||
| 942 | |c BK | ||
| 945 | |d 20100506 00:00:00 |a rbrito | ||
| 260 | |a Barcelona |b LEDA |c 1973 | ||
| 650 | 0 | |a Serigrafía |9 267711 | |
| 650 | 0 | |a Artes gráficas |9 265865 | |
| 650 | 7 | |a TECNICAS MANUALES |2 CL-VaPUC |9 357145 | |
| 583 | |a last modification |c 20100506 00:00:00 |k Rodrigo Vera | ||
| 490 | 0 | |a Cómo se Aprende, 22 | |
| 999 | |c 340809 |d 340807 | ||
| 952 | |0 0 |1 0 |4 0 |6 764_800000000000000_DES_1973 |7 0 |8 A |9 435844 |a BIBARQ |b BIBARQ |d 2019-11-22 |i 4667336 |o 764.8 DES 1973 |p 4667336 |r 2025-01-20 |w 2019-11-22 |y BK |k ARQ | ||